The Arab Spring : (Record no. 21150)
[ view plain ]
| 000 -LEADER | |
|---|---|
| fixed length control field | 00851cam a22002535a 4500 |
| 001 - CONTROL NUMBER | |
| control field | 016876832 |
| 003 - CONTROL NUMBER IDENTIFIER | |
| control field | OSt |
| 005 - DATE AND TIME OF LATEST TRANSACTION | |
| control field | 20170104144600.0 |
| 008 - FIXED-LENGTH DATA ELEMENTS--GENERAL INFORMATION | |
| fixed length control field | 140923s2014 enk frb 001 0 eng d |
| 020 ## - INTERNATIONAL STANDARD BOOK NUMBER | |
| International Standard Book Number | 9780415723091 |
| 040 ## - CATALOGING SOURCE | |
| Original cataloging agency | StDuBDS |
| Language of cataloging | eng |
| Transcribing agency | StDuBDS |
| Modifying agency | EG-ScBUE |
| 082 04 - DEWEY DECIMAL CLASSIFICATION NUMBER | |
| Classification number | 306.09 |
| Edition number | 22 |
| Item number | ARA |
| 245 04 - TITLE STATEMENT | |
| Title | The Arab Spring : |
| Remainder of title | critical analyses / |
| Statement of responsibility, etc | edited by Khair El-Din Haseeb. |
| 260 ## - PUBLICATION, DISTRIBUTION, ETC. (IMPRINT) | |
| Place of publication, distribution, etc | Oxfordshire ; |
| -- | New York : |
| Name of publisher, distributor, etc | Routledge / Taylor & Francis Group ; |
| Place of publication, distribution, etc | [Hamra] : |
| Name of publisher, distributor, etc | Centre for Arab Unity Studies, |
| Date of publication, distribution, etc | 2014. |
| 300 ## - PHYSICAL DESCRIPTION | |
| Extent | ix, 315 p. ; |
| Dimensions | 25 cm. |
| 500 ## - GENERAL NOTE | |
| General note | Originally published : 2013. |
| 500 ## - GENERAL NOTE | |
| General note | Index : p. 311-315. |
| 504 ## - BIBLIOGRAPHY, ETC. NOTE | |
| Bibliography, etc | Includes bibliographical references. |
| 650 #7 - SUBJECT ADDED ENTRY--TOPICAL TERM | |
| Topical term or geographic name as entry element | Arab Spring, 2010- |
| Source of heading or term | BUEsh |
| 9 (RLIN) | 38992 |
| 651 ## - SUBJECT ADDED ENTRY--GEOGRAPHIC NAME | |
| Source of heading or term | BUEsh |
| 653 ## - INDEX TERM--UNCONTROLLED | |
| Resource For college | BAEPS, Political Science |
| Arrived date list | February2016 |
| -- | January2017 |
| 700 1# - ADDED ENTRY--PERSONAL NAME | |
| Personal name | Haseeb, K., |
| Relator term | editor. |
| 942 ## - ADDED ENTRY ELEMENTS (KOHA) | |
| Source of classification or shelving scheme | Dewey Decimal Classification |
| Withdrawn status | Item status | Source of classification or shelving scheme | Damaged status | Not for loan | Vendor | Home library | Current library | Shelving location | Date acquired | Source of acquisition | Cost, normal purchase price | Serial Enumeration / chronology | Total Checkouts | Full call number | Barcode | Date last seen | Cost, replacement price | Koha item type |
|---|---|---|---|---|---|---|---|---|---|---|---|---|---|---|---|---|---|---|
| Dewey Decimal Classification | Academic Bookshop | Central Library | Central Library | First floor | 15/02/2016 | Purchase | 420.00 | 4863 | 306.09 ARA | 000031550 | 15/07/2025 | 525.00 | Book - Borrowing | |||||
| Dewey Decimal Classification | Academic Bookshop | Central Library | Central Library | First floor | 04/01/2017 | Purchase | 420.00 | 2000089 | 306.09 ARA | 000040758 | 15/07/2025 | 525.00 | Book - Borrowing |